00892nam a22001697a 450000500170000000800410001705000300005810000230008824501250011126000340023630000210027050000400029165001900033194200130052199900190053495201690055320250812103103.0250812b |||||||| |||| 00| 0 eng d aTHE HG 187 .N93 2025bC.1 aNyasende, Enock O. aCovid-19 Fiscal Policy Measures, Information Technology and Stock Market Performance of Listed Commercial Banks in Kenya aKisiibKisii Universityc2025 axxii, 121p.:ill. aIncludes bibliographical references a1. Fiscal policy—Kenya. 2. COVID-19 Pandemic, 2020—Economic aspects—Kenya. 3. Banks and banking—Kenya. 4. Nairobi Securities Exchange. 5. Commercial banks—Kenya—Performance. 2lcccREF c216026d216026 00102lcc406THE H G187 N93 02025708SC9372822aKSULbKSULd2025-08-12i109432l0oTHE HG 187 .N93 2025p000000023525r2025-08-12 10:33:29tC.1w2025-08-12yREF